00699nam a22001817a 4500003000900000008004100009040007100050082003200121100002200153245003800175260005100213300002600264505015900290650002200449650001400471650002000485650001200505AR-CdUCM190404b           ||||| |||| 00| 0 spa d  aMUNICIPALIDAD PROVINCIAL DEL CUSCOcBIBLIOTECA MUNICIPAL DEL CUSCO  23ed.a340.946 /bE79 / 1840  aEscriche, Joaquin  aElementos del derecho Español /  aParís :bLibreria de Vicente Salvá,c1840.  a403 paginas ;c16 cm.  aContenido : De la justicia y el derecho -- Del estado de los hombres -- Del matrimonio -- De las cosas -- De la prescripción --   De las servidumbres...  aDerecho Español  aJusticia   aDelitos y penas  aJuicios